000 00521nam a2200205Ia 4500
005 20250923145836.0
008 008 250917s9999 xx 000 0 eng d
037 _aTextual
040 _aDSWL
_beng
_cDSWL
041 _aeng
_2eng
084 _qDSWL
100 _aLalita, K.
_9839489
245 0 _aHousing and urbanisation : A Study of hdi
_c by K. Lalita
260 _aNew Delhi
_bSage
_c1990
300 _a315p.
365 _aINR
_b250.00
925 _g250.00
942 _cTEXL
999 _c1456368
_d1456368